00298nam a2200109Ia 4500008004100000020001900041040002900060050002200089100001900111245002500130260003300155230104s9999||||xx |||||||||||||| ||und|| a0 333 600053 3 cChuka University Library aTT 180 bS23 1999 aSackey, J.K.N. 0aWood work technology aMacmillan Pub;bOxfordc1999